000 00789nam a2200241Ia 4500
003 OSt
005 20220926010327.0
006 a|||||r|||| 00| 0
007 ta
008 220923b |||||||| |||| 00| 0 eng d
037 _cGeneral Book
040 _aRTL
_cRTL
_beng
041 _2eng
_aeng
082 _aX61:72.N66, K6
110 _aInstitute of Constitutional and Parliamentary Studies (New Delhi India)
_9312069
245 0 _aDevaluation of the rupee and its implications
260 _a New Delhi
_bVithalbhai Patel House India
_c1966
300 _a199p
_ccm.
650 _aMonetary Policy
700 _aInstitute of Constitutional and Parliamentary Studies (New Delhi India)
_9312070
942 _hX61:72.N66, K6
_cGB
_2CC
999 _c616960
_d616960